| 000 | 01040naa a2200301 c 4500 | ||
|---|---|---|---|
| 001 | 39668 | ||
| 003 | ES-MaCES | ||
| 005 | 20150929135559.0 | ||
| 008 | 100105n2009 sp t 000 | spa d | ||
| 035 | _aCES20100000044v | ||
| 040 |
_aES-MaCES _bspa _cES-MaCES |
||
| 100 | 1 |
_aValdés Dal-Ré, Fernando _925408 |
|
| 245 | 1 | 3 |
_aLa Europa social _b: debates y embates _cFernando Valdés Dal-Ré |
| 500 | _aResumen | ||
| 630 | 0 | 4 |
_aTratado de Amsterdam _d1997 _932871 |
| 650 | 4 |
_aderecho comunitario _929866 |
|
| 650 | 4 |
_aderechos económicos y sociales _929875 |
|
| 650 | 4 |
_apráctica parlamentaria _929060 |
|
| 650 | 4 |
_aespacio social europeo _930775 |
|
| 650 | 4 |
_apolítica comunitaria _930776 |
|
| 650 | 4 |
_apolítica social _927029 |
|
| 653 | 1 | 0 | _aMercado Único Europeo |
| 650 | 4 |
_926752 _aUE |
|
| 773 | 0 |
_tRelaciones laborales _gaño 25, n. 23-24 (dic. 2009){10194 R. 075726}; p. 39-48 _w(ES-MaCES)25210 _943086 |
|
| 902 | _aART Artículo de revista | ||
| 942 |
_2CES _cAR _h1.0. |
||
| 999 |
_c39668 _d39668 |
||